Die 10 größten Städte in Bayern - Statistiken

Allgemein
  • Dieses Quiz wurde 74 mal gespielt
  • Das Durchschnittsergebnis liegt bei 9 aus 10
Antwortstatistiken
Hint Antwort % Korrekt
1.505.036 München
100%
531.159 Nürnberg
100%
301.786 Augsburg
95%
151.517 Regensburg
90%
133.753 Würzburg
90%
140.799 Ingolstadt
84%
131.344 Fürth
83%
116.450 Erlangen
79%
77.218 Bamberg
76%
73.326 Aschaffenburg
60%
Keine übereinstimmenden Quizze gefunden
Verteilung der Resultate
Anzahl Personen mit jedem Resultat
Perzentil nach korrekt beantworteten Fragen
Ihre Resultats-Entwicklung
Sie haben dieses Quiz noch nicht gespielt